000 00428nam a2200157Ia 4500
008 151213s9999 xx 000 0 und d
020 _a0-7551-0031--x
100 _aG.K. Chesterfor
245 _aThe Victorian Age in Literature
_cG.K. Chesterfor
260 _aLondon
_bHouse Of Stratus
_c2000
300 _a4879 p.
650 _aEnglish Literature
650 _aEnglish Literature
700 _aG.K. Chesterfor
999 _c3067
_d3067